00838 a2200193 45000010006000000050017000060080041000230030015000640400040000790800064001192450052001832640043002353000018002785050259002960410008005551000026005637000034005897000021006236316720260407155927.0260407a1981 arg spa dAR-UNSa-BCEJYS aAR-UNSa-BCEJYSbspacAR-UNSa-BCEJYS a657.474.57xMétodos de cálculo. Estimación de costos 10aLos costos en el transporte urbano de pasajeros 1aBuenos Aires :bEdiciones Macchic1981 a72 p.c22 cm. a1. Introducción - 2. Costos periódicos – 3. Costos vinculados al kilometraje recorrido – 4. Costos vinculados al pasajero transportado – 5. Componentes financieros del valor de la tierra – 6. Un ejemplo numérico – 7. Análisis C.V.U –  aspa1 aYardin, Amaro Ramón1 aRodríguez Jauregui, Hugo A.1 aCuesta, Norberto